000 00441nab a2200145Ia 4500
003 ES-SlBCS
005 20210601125347.0
008 140529s1989-1990xu||||| |||| 00| 0 eng d
041 _aeng
100 1 _aOwens, David
_9138592
245 0 0 _aCauses and Coincidences
_c David Owens
650 0 4 _aCausas-Coincidencias
_9157330
773 0 _tProceedings of the Aristotelian Society
_gvol. 90, nº. 1, 1989-1990, págs. 49-64
_wRev837
942 _cAR
999 _c529138
_d529138